00650naa#a2200169#i#4500001001500000005001700015100004100032101000800073102000700081200015500088210005600243215001000299608004500309700006000354700005200414856001400466RU\\bibl\1581120260513112829.3##a20161230b2016####ek#y0rusy0150####ca0#aRUS##aRU1#a Достоинства и недостатки дистанционного образования в РоссииeЖурнальная статья1#aМоскваcООО «Москластер»d2016##a6 с.##aЖурнальная статья2local#1aАнтипинgЕвгений Владимирович#1aГодуноваgЛидия Андреевна4#azh-szf.ru